Bulfinch's complete mythology /

Guardat en:
Dades bibliogràfiques
Autor principal: Bulfinch, Thomas, 1796-1867
Format: Llibre
Idioma:English
Publicat: London : Spring Books, 1989.
Matèries:
LEADER 01532cam a2200385 a 4500
001 c000405151
003 CARM
005 20200706124044.0
008 200706s1989 enk 001 0 eng d
015 |a b9005504 
019 1 |a 6922508  |z 22155242  |5 LACONCORD2021 
020 |a 060056293X :  |c No price 
035 |a (OCoLC)20996181  |5 LACONCORD2021 
040 |a BNB  |b eng  |c BNB  |d NMCL  |d VCARM 
050 0 0 |a BL311 
082 0 4 |a 291.13  |2 20 
100 1 |a Bulfinch, Thomas,  |d 1796-1867. 
240 1 0 |a Bulfinch's mythology 
245 1 0 |a Bulfinch's complete mythology /  |c Thomas Bulfinch. 
260 |a London :  |b Spring Books,  |c 1989. 
300 |a 679 p. ;  |c 22 cm. 
500 |a Myths (BNB/PRECIS) 
500 |a First published in Great Britain in 1964 by The Hamlyn Publishing Group Limited. 
500 |a Includes index. 
505 0 |a The age of fable -- The age of chivalry -- The legends of Charlemagne. 
650 0 |a Mythology. 
700 1 2 |a Bulfinch, Thomas,  |d 1796-1867.  |t Age of fable. 
700 1 2 |a Bulfinch, Thomas,  |d 1796-1867.  |t Age of chivalry. 
700 1 2 |a Bulfinch, Thomas,  |d 1796-1867.  |t Legends of Charlemagne. 
852 8 |b CARM  |i B12785  |p 0655827  |f BK 
852 8 |b SCAN  |h A3:AI14B0  |i B12785  |p 0655827  |f BK 
852 8 |b SCAN  |h A3:AI14B0  |i B12785  |p 0655827  |f BK 
999 f f |i f4494d85-4bc9-5ac6-9077-d2c4aa26c766  |s 869c9930-8485-58ba-a5dc-f6975c325e88 
952 f f |p Can circulate  |a CAVAL  |b CAVAL  |c CAVAL  |d CARM 1 Store  |e B12785  |h Other scheme  |i book  |m 0655827 
952 f f |a CAVAL  |b CAVAL  |c CAVAL  |d Unmapped Location  |e B12785  |f A3:AI14B0  |h Other scheme